Name all ONE OK ROCK songs - Statistics

General Stats
  • This quiz has been taken 33 times
  • The average score is 106 of 208
Answer Stats
Album Song % Correct
35xxxv | Singles Mighty Long Fall
90%
Singles Re:Make
86%
DETOX The Pilot </3
86%
Singles | Zeitakubyō Yume Yume
86%
Zankyou Reference Answer Is Near
83%
Singles Answer is Near
83%
Singles Deeper Deeper
83%
DETOX Delusion:all
83%
Singles Delusion:All
83%
Niche Syndrome | Singles Kanzen Kankaku Dreamer
83%
Zankyou Reference NO SCARED
83%
Singles No Scared
83%
Jinsei x Boku = | Singles Nothing Helps
83%
Singles Skyfall (feat. Masato Hayakawa, Kenta Koie and MAH)
83%
DETOX C.U.R.I.O.S.I.T.Y. (feat. Paledusk and CHICO CARLITO)
79%
Singles Decision
79%
35xxxv Decision (feat. Tyler Carter)
79%
Eye of the Storm Eye of the Storm
79%
DETOX NASTY
79%
Zankyou Reference Re:make
79%
Eye of the Storm | Singles Stand Out Fit In
79%
Ambitions We Are
79%
Eye of the Storm | Singles Change
76%
DETOX | Singles Dystopia
76%
DETOX Party's Over
76%
Luxury Disease | Singles Save Yourself
76%
DETOX | Singles Tropical Therapy
76%
Eye of the Storm | Singles Wasted Nights
76%
Niche Syndrome Wherever you are
76%
Jinsei x Boku = Be the light
72%
Zankyou Reference C.h.a.o.s.m.y.t.h.
72%
35xxxv Cry Out
72%
Singles | Zeitakubyō Et Cetera
72%
Zankyou Reference Kimishidai Ressha
72%
Ambitions Listen (feat. Avril Lavigne)
72%
Jinsei x Boku = | Singles The Beggining
72%
Ambitions 20/20
69%
Ambitions American Girls
69%
Jinsei x Boku = Clock Strikes
69%
Luxury Disease | Singles Let Me Let You Go
69%
Singles Make It Out Alive
69%
DETOX | Singles +Matter
69%
Singles Naihi Shinsho
69%
35xxxv Paper Planes (feat. Kellin from Sleeping with Sirens)
69%
DETOX | Singles Puppets Can't Control You
69%
Ambitions Taking Off
69%
DETOX Tiny Pieces
69%
35xxxv Heartache
66%
Taka's Covers Hello
66%
Kanjou Effect Living Dolls
66%
Zankyou Reference Pierce
66%
Luxury Disease | Singles Renegades
66%
Ambitions Take What You Want (feat. 5 Seconds of Summer)
66%
DETOX This Can't Be Us
66%
Ambitions I Was King
62%
Zeitakubyō Kagerou
62%
Zankyou Reference Let's take it someday
62%
Luxury Disease Mad World
62%
Niche Syndrome Nobody's Home
62%
35xxxv One by One
62%
Luxury Disease | Singles Vandalize
62%
Jinsei x Boku = All Mine
59%
Luxury Disease | Singles Broken Heart of Gold
59%
Luxury Disease Free Them (feat. Teddy Swims)
59%
Luxury Disease Gravity (feat. Fujihara Satoshi from Official Hige Dandism)
59%
35xxxv Last Dance
59%
Luxury Disease Neon
59%
Luxury Disease | Singles Wonder
59%
Ambitions Bedroom Warfare
55%
Ambitions Bon Voyage
55%
Eye of the Storm In the Stars (feat. Kiiara)
55%
Ambitions Jaded (feat. Alex Gaskarth)
55%
Luxury Disease Prove
55%
35xxxv Take me to the top
55%
Jinsei x Boku = the same as...
55%
Ambitions Bombs away
52%
Jinsei x Boku = Ending Story??
52%
Eye of the Storm Grow Old Die Young
52%
Niche Syndrome Introduction
52%
Jinsei x Boku = Introduction ~Where idiot should go~
52%
Niche Syndrome Jibun ROCK
52%
Singles Karasu
52%
Eye of the Storm Letting Go
52%
Ambitions One Way Ticket
52%
Jinsei x Boku = ONION!
52%
OOR's Covers The End
52%
Niche Syndrome Yes I Am
52%
Luxury Disease Your Tears Are Mine
52%
Jinsei x Boku = 69
48%
OOR's Covers First Love
48%
Eye of the Storm Giants
48%
Singles Ketsuraku Automation
48%
Luxury Disease So Far Gone
48%
35xxxv Suddenly
48%
Zeitakubyō Yokubou ni Michita Seinendan
48%
BEAM OF LIGHT Crazy Botch
45%
Ambitions Hard To Love
45%
Keep it real Keep it real
45%
Zeitakubyō Kemuri
45%
Niche Syndrome Mikansei Koukyoukyoku
45%
Kanjou Effect My sweet baby
45%
Jinsei x Boku = Smiling Down
45%
35xxxv The Way Back
45%
Singles The Way Back - Japanese Version
45%
Luxury Disease When They Turn the Lights On
45%
Zankyou Reference Coda
41%
Taka's Covers Die With A Smile
41%
35xxxv Good Goodbye
41%
Zankyou Reference LOST AND FOUND
41%
Zeitakubyō Lujo
41%
35xxxv Memories
41%
OOR's Covers PILLOWTALK
41%
Eye of the Storm Push Back
41%
Niche Syndrome Riot!!!
41%
Ambitions Start Again
41%
Kanjou Effect 20 years old
38%
Singles Answer is Clear
38%
OOR's Covers A Thousand Miles
38%
Jinsei x Boku = Deeper Deeper
38%
Do you know a Christmas? Do you know a Christmas?
38%
35xxxv Fight the night
38%
Jinsei x Boku = Juvenile
38%
Niche Syndrome Liar
38%
Niche Syndrome Never Let This Go
38%
Luxury Disease Outta Sight
38%
Zankyou Reference Seken Shirazu no Uchuu Hikoushi
38%
Niche Syndrome Shake it down
38%
35xxxv Stuck in the Middle
38%
Zeitakubyō Yoru ni Shika Sakanai Mangetsu
38%
35xxxv 3xxxv5
34%
Ambitions Always coming back
34%
Ambitions Ambitions -Introduction-
34%
Eye of the Storm Head High
34%
Kanjou Effect JUST
34%
Kanjou Effect Kaimu
34%
Singles Kasabuta
34%
Kanjou Effect Koi no Aibou Kokoro no Cupido
34%
Zankyou Reference Mr. Gendai Speaker
34%
Keep it real P.P.S.H.
34%
Eye of the Storm Worst in me
34%
Zeitakubyō (you can do) everything
34%
BEAM OF LIGHT 100% (hundred percent)
31%
Niche Syndrome Adult Suit
31%
Zeitakubyō A new one for all, All for the new one
31%
Kanjou Effect Break My Strings
31%
Kanjou Effect Doppelganger
31%
Singles Notes’n’Words
31%
Kanjou Effect Reflection
31%
Kanjou Effect Viva Violent Fellow ~Utsukushiki Mosh Pit~
31%
BEAM OF LIGHT Yap
31%
BEAM OF LIGHT Abduction-Interlude
28%
Zeitakubyō Borderline
28%
BEAM OF LIGHT Koubou
28%
Singles Manhattan Beach
28%
BEAM OF LIGHT Melody Line no Shibouritsu
28%
Singles Ring Wanderung
28%
Singles Rock, Scissors, Paper
28%
ONE OK ROCK ROSE BLOOD
28%
Kanjou Effect Sonzai Shoumei
28%
Eye of the Storm The Last Time
28%
Singles To Feel The Fire
28%
OOR's Covers To feel the fire
28%
ONE OK ROCK You’ve Broken My Heart
28%
Eye of the Storm Can't Wait
24%
Kanjou Effect CONVINCING
24%
BEAM OF LIGHT Hitsuzen Maker
24%
Ambitions Lost in tonight
24%
Do you know a Christmas? | ONE OK ROCK Moshi mo Taiyou ga Nakunatta Toshitara…
24%
Zeitakubyō Naihi Shinsho
24%
Singles Right by your side
24%
Keep it real And I know
21%
Niche Syndrome Konzatsu Communication
21%
Singles Koukai Yaku ni Tatazu
21%
ONE OK ROCK Nichijou Evolution
21%
Singles Pieces of Me
21%
BEAM OF LIGHT Sansan Dama
21%
Keep it real Tsurai + Ichi = Shiawase
21%
OOR's Covers Easy on me
17%
Unreleased songs Around the World Shonen
14%
Unreleased songs Forever Us!
14%
Unreleased songs Hey You!
14%
Singles Kako wa Kyoukasho ni Mirai wa Shukudai
14%
Singles Hitorigoto Lonelina
10%
OOR's Covers One More Light
10%
Singles Silent World
10%
OOR's Covers Smells Like Teen Spirit
10%
OOR's Covers I Want You Back
7%
OOR's Covers Puppy Love
3%
No matching quizzes found
Score Distribution
Percent of People with Each Score
Percentile by Number Answered
Your Score History
You have not taken this quiz